Southville International School and Colleges
Your cart is empty.
  • Cart
  • Lists
    Public lists Eva Luna New books Lux_list list_1
    Your lists Log in to create your own lists
  • Log in to your account
  • Your cookies
  • Search history
Southville International School and Colleges
  • Advanced search
  • Recent comments
  • Most popular
  • Libraries

Log in to your account

Log in with GOOGLE


If you do not have an external account, but do have a local account, you can still log in:

  1. Home
  2. MARC view: I want to be /
Normal view MARC view ISBD view

I want to be / (Record no. 113527)

[ view plain ]
MARC details
000 -LEADER
fixed length control field 00396nam a2200169 a 4500
001 - CONTROL NUMBER
control field 0549
005 - DATE AND TIME OF LATEST TRANSACTION
control field 20140414132024.0
008 - FIXED-LENGTH DATA ELEMENTS--GENERAL INFORMATION
fixed length control field 040201s19uu xx 00 eng d
020 ## - INTERNATIONAL STANDARD BOOK NUMBER
International Standard Book Number 0-916291-46-4
050 ## - LIBRARY OF CONGRESS CALL NUMBER
Classification number TR
Item number IW1 1993
100 ## - MAIN ENTRY--PERSONAL NAME
Personal name Ross, Tony
245 ## - TITLE STATEMENT
Title I want to be /
Statement of responsibility, etc Tony Ross.
260 ## - PUBLICATION, DISTRIBUTION, ETC. (IMPRINT)
Place of publication, distribution, etc England :
Name of publisher, distributor, etc Miller,
Date of publication, distribution, etc 1993.
300 ## - PHYSICAL DESCRIPTION
Extent p. ; cm.
500 ## - GENERAL NOTE
General note TR/PS
Holdings
Withdrawn status Lost status Damaged status Use restrictions Home library Current library Shelving location Date acquired Source of acquisition Cost, normal purchase price Total Checkouts Full call number Barcode Date last seen Price effective from Koha item type
        Munich Library Munich Library Teachers Reference Section 02/01/2004   189.75   TR IW1 1993 M5108 04/14/2014 04/14/2014 Books

I want to be /

APA

Ross T., . (1993). I want to be. England: Miller.

Chicago

Ross Tony, . 1993. I want to be. England: Miller.

Harvard

Ross T., . (1993). I want to be. England: Miller.

MLA

Ross Tony, . I want to be. England: Miller. 1993.

  • Place hold
  • Print
  • Cite
  • Add to your cart (remove)
  • Save record
    BIBTEX Dublin Core MARCXML MARC (non-Unicode/MARC-8) MARC (Unicode/UTF-8) MARC (Unicode/UTF-8, Standard) MODS (XML) RIS
  • More searches
    Search for this title in:
    Other Libraries (WorldCat) Other Databases (Google Scholar) Online Stores (Bookfinder.com) Open Library (openlibrary.org)

Exporting to Dublin Core...

SOUTHVILLE LIBRARY

Southville International School and Colleges Library

1281 Tropical Ave. Cor. Luxembourg St., BF Homes International, Las Pinas City

Tel. No. 8256374 / 252358 Loc. 117/146

Powered by Koha